149 WAYS TO IMPROVE CONCENTRATION (Record no. 17577)

MARC details
000 -LEADER
fixed length control field 00264nam a22001217a 4500
003 - CONTROL NUMBER IDENTIFIER
control field SGT
082 ## - DEWEY DECIMAL CLASSIFICATION NUMBER
Classification number 370
Item number SHA
100 ## - MAIN ENTRY--PERSONAL NAME
Personal name SHARMA, DR. P.N.
245 ## - TITLE STATEMENT
Title 149 WAYS TO IMPROVE CONCENTRATION
260 ## - PUBLICATION, DISTRIBUTION, ETC. (IMPRINT)
Place of publication, distribution, etc DELHI
Name of publisher, distributor, etc SR PUB.
Year of Publication 2012
300 ## - PAGE DESCRIPTION
No. of Pages 201
942 ## - ADDED ENTRY ELEMENTS (KOHA)
Source of classification or shelving scheme Dewey Decimal Classification
Koha item type Books
Holdings
Withdrawn status Lost status Source of classification or shelving scheme Damaged status Not for loan Collection code Home library Current library Date acquired SGTU Full call number Accession No. (Barcode) Date last seen Bill Date Koha item type
    Dewey Decimal Classification     EDUCATION SGT Engineering Library SGT Engineering Library 16/04/2019 SGTU 370 SHA ED3596 16/04/2019 16/04/2019 Books
    Dewey Decimal Classification     EDUCATION SGT Engineering Library SGT Engineering Library 16/04/2019 SGTU 370 SHA ED3597 16/04/2019 16/04/2019 Books
    Dewey Decimal Classification     EDUCATION SGT Engineering Library SGT Engineering Library 16/04/2019 SGTU 370 SHA ED3598 16/04/2019 16/04/2019 Books
    Dewey Decimal Classification     EDUCATION SGT Engineering Library SGT Engineering Library 16/04/2019 SGTU 370 SHA ED3599 16/04/2019 16/04/2019 Books
    Dewey Decimal Classification     EDUCATION SGT Engineering Library SGT Engineering Library 16/04/2019 SGTU 370 SHA ED3600 16/04/2019 16/04/2019 Books